[Event "GER-ch Net blitz qual3"]
[Site "Playchess.com INT"]
[Date "2020.03.21"]
[Round "2"]
[White "Cofman, Veaceslav"]
[Black "Ramin, Michael"]
[Result "1-0"]
[WhiteElo "2272"]
[BlackElo "1949"]
[PlyCount "83"]
[EventDate "2020.03.21"]
[EventType "swiss (blitz)"]
[EventRounds "9"]
[EventCountry "GER"]
[SourceTitle "CBM 195 Extra"]
[Source "ChessBase"]
[SourceDate "2020.05.31"]
[SourceVersion "1"]
[SourceVersionDate "2020.05.31"]
[SourceQuality "1"]

1. d4 Nf6 2. c4 g6 3. f3 Bg7 4. e4 d6 5. Nc3 0-0 6. Be3 Nbd7 7. Qd2 c5 8. Nge2 cxd4 9. Nxd4 Ne5 10. Be2 a6 11. 0-0 Rb8 12. a4 Nc6 13. Rfd1 Nd7 14. Nd5 Re8 15. a5 Bf8 16. Nxc6 bxc6 17. Nb6 c5 18. Nd5 Bb7 19. Nc3 Ne5 20. f4 Nc6 21. Nd5 e6 22. Nb6 Nb4 23. Bf3 Qc7 24. Qf2 Nc6 25. e5 Nxa5 26. exd6 Bxd6 27. Rxa5 Qxb6 28. Raa1 Bxf3 29. Qxf3 Bf8 30. Rd2 Bg7 31. Rad1 Qb4 32. Qe4 a5 33. h4 a4 34. h5 Bxb2 35. hxg6 hxg6 36. Rd7 Bd4 37. Bxd4 Qxc4 38. Qc6 Rbc8 39. Rc7 Qe2 40. Rxc8 Qxd1+ 41. Kh2 Qh5+ 42. Kg3 1-0

[Event "GER-ch Net blitz qual3"]
[Site "Playchess.com INT"]
[Date "2020.03.21"]
[Round "9"]
[White "Hoke, Adrian Neo"]
[Black "Ramin, Michael"]
[Result "1-0"]
[WhiteElo "1575"]
[BlackElo "1949"]
[PlyCount "65"]
[EventDate "2020.03.21"]
[EventType "swiss (blitz)"]
[EventRounds "9"]
[EventCountry "GER"]
[SourceTitle "CBM 195 Extra"]
[Source "ChessBase"]
[SourceDate "2020.05.31"]
[SourceVersion "1"]
[SourceVersionDate "2020.05.31"]
[SourceQuality "1"]

1. e4 e5 2. Nf3 Nf6 3. Nxe5 d6 4. Nf3 Nxe4 5. d4 d5 6. Bd3 Bg4 7. 0-0 Bd6 8. Re1 f5 9. h3 Bh5 10. c4 c6 11. Nc3 Bb4 12. a3 Bxc3 13. bxc3 0-0 14. Qb3 b6 15. cxd5 cxd5 16. Ne5 Kh8 17. Bf4 Qh4 18. Bxe4 fxe4 19. Bg3 Qd8 20. Rac1 Na6 21. c4 Rc8 22. cxd5 Rxc1 23. Rxc1 h6 24. Qc4 Nb8 25. Nc6 Qd7 26. Nxb8 Rxb8 27. Bxb8 Kh7 28. Bg3 Bf7 29. Qc6 Qf5 30. d6 Qg5 31. d7 e3 32. Qe4+ Bg6 33. Qxe3 1-0

[Event "GER-ch Net blitz qual3"]
[Site "Playchess.com INT"]
[Date "2020.03.21"]
[Round "3"]
[White "Ramin, Michael"]
[Black "Filipiak, Thomas"]
[Result "0-1"]
[WhiteElo "1949"]
[BlackElo "2032"]
[PlyCount "34"]
[EventDate "2020.03.21"]
[EventType "swiss (blitz)"]
[EventRounds "9"]
[EventCountry "GER"]
[SourceTitle "CBM 195 Extra"]
[Source "ChessBase"]
[SourceDate "2020.05.31"]
[SourceVersion "1"]
[SourceVersionDate "2020.05.31"]
[SourceQuality "1"]

1. c4 d6 2. Nc3 Nf6 3. g3 e5 4. Bg2 Nc6 5. e3 g6 6. Nge2 Bg7 7. 0-0 0-0 8. h3 Be6 9. b3 Qd7 10. Kh2 Nh5 11. g4 Nf6 12. Bb2 Qe7 13. d4 Bxg4 14. hxg4 Nxg4+ 15. Kg1 Qh4 16. Re1 Qxf2+ 17. Kh1 Nxe3 0-1

[Event "GER-ch Net blitz qual3"]
[Site "Playchess.com INT"]
[Date "2020.03.21"]
[Round "4"]
[White "Ramin, Michael"]
[Black "Schaudienst, Arvid"]
[Result "1-0"]
[WhiteElo "1949"]
[BlackElo "1620"]
[PlyCount "61"]
[EventDate "2020.03.21"]
[EventType "swiss (blitz)"]
[EventRounds "9"]
[EventCountry "GER"]
[SourceTitle "CBM 195 Extra"]
[Source "ChessBase"]
[SourceDate "2020.05.31"]
[SourceVersion "1"]
[SourceVersionDate "2020.05.31"]
[SourceQuality "1"]

1. c4 g6 2. Nc3 Bg7 3. d4 d6 4. e4 Nf6 5. Nf3 0-0 6. Be2 Nbd7 7. 0-0 e5 8. dxe5 Nxe5 9. Nxe5 dxe5 10. Qxd8 Rxd8 11. Bg5 Be6 12. Nd5 Bxd5 13. cxd5 c6 14. Bc4 Rd7 15. f3 h6 16. Bxf6 Bxf6 17. Rac1 Bg5 18. Rc2 Be3+ 19. Kh1 Bd4 20. Rd1 Rb8 21. g3 Rc8 22. Rdc1 Be3 23. Re1 Bg5 24. h4 Bf6 25. dxc6 Rxc6 26. Rec1 Rcd6 27. Bd5 Kg7 28. Kg2 g5 29. h5 Be7 30. Rc7 f5 31. Rxb7 1-0

[Event "Bad Woerishofen op 33rd"]
[Site "Bad Woerishofen"]
[Date "2017.03.15"]
[Round "6"]
[White "Kannenberg, Karl Heinz"]
[Black "Ramin, Michael"]
[Result "1/2-1/2"]
[WhiteElo "2212"]
[BlackElo "1914"]
[PlyCount "36"]
[EventDate "2017.03.10"]
[EventType "swiss"]
[EventRounds "9"]
[EventCountry "GER"]
[SourceTitle "EXT 2018"]
[Source "ChessBase"]
[SourceDate "2017.10.13"]
[SourceVersion "1"]
[SourceVersionDate "2017.10.13"]
[SourceQuality "1"]

1. d4 Nf6 2. Bg5 Ne4 3. Bf4 c5 4. f3 Qa5+ 5. c3 Nf6 6. d5 d6 7. e4 Nbd7 8. Na3 a6 9. Nc4 Qc7 10. a4 b6 11. Bd3 g6 12. Ne2 Bg7 13. Qd2 h5 14. 0-0 Bb7 15. Kh1 Rd8 16. Rae1 Ne5 17. Nxe5 dxe5 18. Be3 c4 1/2-1/2

[Event "Bad Woerishofen op 30th"]
[Site "Bad Woerishofen"]
[Date "2014.03.22"]
[Round "3"]
[White "Ramin, Michael"]
[Black "Babar, Michael"]
[Result "1/2-1/2"]
[WhiteElo "2004"]
[BlackElo "2170"]
[PlyCount "28"]
[EventDate "2014.03.21"]
[EventType "swiss"]
[EventRounds "9"]
[EventCountry "GER"]
[SourceTitle "CBM 159 Extra"]
[Source "ChessBase"]
[SourceDate "2014.04.24"]
[SourceVersion "1"]
[SourceVersionDate "2014.04.24"]
[SourceQuality "1"]

1. c4 d6 2. Nc3 g6 3. g3 Bg7 4. Nf3 c5 5. Bg2 Nc6 6. 0-0 e6 7. b3 Nge7 8. Bb2 0-0 9. Na4 e5 10. e3 a6 11. Qe2 Rb8 12. Rfe1 b5 13. Nc3 Qb6 14. Rad1 bxc4 1/2-1/2

[Event "Rhein Main op 11th"]
[Site "Bad Homburg"]
[Date "2008.05.23"]
[Round "4"]
[White "Ramin, Michael"]
[Black "Magiera, Rainer"]
[Result "1/2-1/2"]
[WhiteElo "2090"]
[BlackElo "1854"]
[PlyCount "28"]
[EventDate "2008.05.21"]
[EventType "swiss"]
[EventRounds "7"]
[EventCountry "GER"]
[SourceTitle "CBM 124 Extra"]
[Source "ChessBase"]
[SourceDate "2008.07.03"]
[SourceVersion "1"]
[SourceVersionDate "2008.07.03"]
[SourceQuality "1"]

1. d4 c6 2. c4 d5 3. Nf3 e6 4. e3 Bd6 5. Nbd2 Nf6 6. Bd3 0-0 7. 0-0 Nbd7 8. e4 dxe4 9. Nxe4 Nxe4 10. Bxe4 Re8 11. Qc2 Nf6 12. Ne5 Nxe4 13. Qxe4 f6 14. Nf3 e5 1/2-1/2

[Event "Hohenloher op 10th"]
[Site "Forchtenberg"]
[Date "2003.06.20"]
[Round "3"]
[White "Ramin, Michael"]
[Black "Geldner, Werner"]
[Result "1-0"]
[WhiteElo "2126"]
[BlackElo "1644"]
[PlyCount "77"]
[EventDate "2003.06.19"]
[EventType "swiss"]
[EventRounds "7"]
[EventCountry "GER"]
[SourceTitle "EXT 2004"]
[Source "ChessBase"]
[SourceDate "2003.11.25"]
[SourceVersion "1"]
[SourceVersionDate "2003.11.25"]
[SourceQuality "1"]

1. d4 d5 2. c4 dxc4 3. Qa4+ Bd7 4. Qxc4 e6 5. Nf3 Nf6 6. Nc3 Be7 7. g3 Bc6 8. Bg2 Nbd7 9. 0-0 0-0 10. Re1 Nb6 11. Qd3 Nbd5 12. e4 Nb4 13. Qe2 a5 14. a3 Na6 15. Bf4 Re8 16. Rad1 Rb8 17. Ne5 Bd7 18. d5 exd5 19. Nxd7 Qxd7 20. e5 Ng4 21. Rxd5 Qe6 22. Bf3 Nh6 23. Rxa5 Nf5 24. Rd5 g5 25. Bc1 c6 26. Rdd1 Rbd8 27. Bg4 Qg6 28. Qe4 Ng7 29. Qxg6 hxg6 30. Bd7 Rf8 31. Ne4 Nc5 32. Nxc5 Bxc5 33. Bxg5 Ra8 34. b4 Bb6 35. Rd3 Ne6 36. Bf6 Nd4 37. Re4 Nf5 38. Bxf5 gxf5 39. Rh4 1-0

[Event "Nittenau-ch 01st"]
[Site "Nittenau"]
[Date "2001.09.16"]
[Round "5"]
[White "Ramin, Michael"]
[Black "Stoeckl, Stephan"]
[Result "0-1"]
[WhiteElo "1958"]
[BlackElo "1951"]
[PlyCount "81"]
[EventDate "2001.09.14"]
[EventType "swiss"]
[EventRounds "5"]
[EventCountry "GER"]
[SourceTitle "EXT 2022"]
[Source "ChessBase"]
[SourceDate "2021.10.06"]
[SourceVersion "1"]
[SourceVersionDate "2021.10.06"]
[SourceQuality "1"]

1. d4 Nf6 2. Nf3 e6 3. c4 b6 4. g3 Ba6 5. b3 b5 6. cxb5 Bxb5 7. Nc3 Bb4 8. Bd2 Bc6 9. Bg2 Qc8 10. a3 Bxc3 11. Bxc3 Qb7 12. 0-0 a5 13. Rb1 Be4 14. Ne1 Bxg2 15. Nxg2 Nd5 16. Bb2 0-0 17. Qd3 d6 18. e4 Nf6 19. Rfe1 Ra6 20. d5 e5 21. Bc3 Nbd7 22. b4 axb4 23. Bxb4 Qa7 24. Rec1 Rb8 25. Ne3 Rb7 26. Nf5 Kf8 27. Kg2 g6 28. Ne3 Kg7 29. h3 Rab6 30. f3 Rb5 31. g4 Qb8 32. Qd2 Nc5 33. Nc4 Na6 34. Na5 Rxa5 35. Bxa5 Rxb1 36. Rxb1 Qxb1 37. h4 h5 38. Qe3 hxg4 39. Bd2 gxf3+ 40. Kxf3 Qh1+ 41. Kg3 0-1

[Event "Staufer op 11th"]
[Site "Schwaebisch Gmuend"]
[Date "1999.??.??"]
[Round "5"]
[White "Tscharotschkin, Michael"]
[Black "Ramin, Michael"]
[Result "1-0"]
[WhiteElo "2170"]
[BlackElo "1847"]
[PlyCount "47"]
[EventDate "1999.01.02"]
[EventType "swiss"]
[EventRounds "9"]
[EventCountry "GER"]
[SourceTitle "CBM 068 Extra"]
[Source "ChessBase"]
[SourceDate "1999.03.01"]
[SourceVersion "1"]
[SourceVersionDate "1999.03.01"]
[SourceQuality "1"]

1. e4 c5 2. c3 d5 3. exd5 Qxd5 4. d4 Nc6 5. Nf3 g6 6. Be2 cxd4 7. cxd4 Bg7 8. Nc3 Qa5 9. 0-0 Nf6 10. d5 Nb8 11. d6 e6 12. Nb5 Nd5 13. Bc4 a6 14. d7+ Nxd7 15. Nd6+ Ke7 16. Nxf7 Kxf7 17. Ng5+ Ke7 18. Nxe6 Kxe6 19. b4 Qb5 20. Re1+ Kd6 21. Bg5 Bf6 22. Bxf6 N7xf6 23. Bxb5 axb5 24. Qd4 1-0

[Event "Casino op 3rd"]
[Site "Velden"]
[Date "1995.??.??"]
[Round "4"]
[White "Hasberger, Walter"]
[Black "Ramin, Michael"]
[Result "1-0"]
[WhiteElo "1927"]
[BlackElo "1817"]
[PlyCount "117"]
[EventDate "1995.06.30"]
[EventType "swiss"]
[EventRounds "9"]
[EventCountry "AUT"]
[SourceTitle "EXT 2022"]
[Source "ChessBase"]
[SourceDate "2021.10.06"]
[SourceVersion "1"]
[SourceVersionDate "2021.10.06"]
[SourceQuality "1"]

1. e4 e5 2. Nc3 Nc6 3. Bc4 Bc5 4. Nf3 Nf6 5. d3 h6 6. Be3 Bb6 7. Qd2 d6 8. h3 Qe7 9. 0-0 Be6 10. Bb3 Nh7 11. Nd5 Qd7 12. Nxb6 axb6 13. Bxe6 Qxe6 14. d4 exd4 15. Bxd4 Nxd4 16. Nxd4 Qd7 17. Qc3 0-0 18. Nf5 f6 19. Qg3 Kh8 20. Nh4 Rf7 21. Rfe1 Nf8 22. a3 Kh7 23. Rad1 Re8 24. Qd3 g6 25. g4 Qe6 26. Qd5 Qxd5 27. exd5 Rfe7 28. Kf1 Kg7 29. f4 Kf7 30. Rxe7+ Rxe7 31. Kf2 Nd7 32. Re1 Rxe1 33. Kxe1 Nc5 34. Kd2 Na4 35. b3 Nc5 36. a4 Ne4+ 37. Ke3 Nc3 38. Kd4 Ne2+ 39. Ke4 Ng1 40. Nf3 f5+ 41. gxf5 gxf5+ 42. Ke3 Nxh3 43. Nd4 Kf6 44. Nb5 c6 45. dxc6 bxc6 46. Nxd6 Ke6 47. Nc8 b5 48. a5 Kd7 49. Ne7 Kc7 50. Nxf5 b4 51. Nxh6 Kb7 52. Nf7 Ka6 53. Ng5 Nxf4 54. Kxf4 Kxa5 55. Ke4 Kb6 56. Kd4 Kb5 57. Ne4 Kb6 58. Kc4 c5 59. Nxc5 1-0